Technological redundancy in a small isolated society ; a case study of union-management-government co-operation to deal with redundancy among stevedores in North Sydney, Nova Scotia /
Guardado en:
| Autor Principal: | |
|---|---|
| Autor Corporativo: | |
| Otros Autores: | |
| Formato: | Libro |
| Idioma: | English |
| Publicado: |
Montreal :
Industrial Relations Centre, McGill University,
1969.
|
| Materias: | |
| Etiquetas: |
Agregar Etiqueta
Sin Etiquetas, Sea el primero en etiquetar este registro!
|
| LEADER | 01288cam a2200253 a 4500 | ||
|---|---|---|---|
| 001 | EIQ.libpla004511 | ||
| 008 | 700311s1969####quc######b####000#0#eng## | ||
| 005 | 20150420141721.0 | ||
| 245 | 1 | 0 | |a Technological redundancy in a small isolated society ; |b a case study of union-management-government co-operation to deal with redundancy among stevedores in North Sydney, Nova Scotia / |c Roy E. George. Incorporating a report: The ILA-CNR counselling programme for North Sydney stevedores, by Horace D. Beach. |
| 260 | |a Montreal : |b Industrial Relations Centre, McGill University, |c 1969. | ||
| 300 | |a 176 p. ; |c 23 cm. | ||
| 504 | |a Incluye referencias bibliográficas. | ||
| 100 | 1 | |a George, Roy Edwin, |d 1923- | |
| 700 | 1 | |a Beach, Horace Dougald. |t ILA-CNR counselling programme for North Sydney's stevedores. | |
| 710 | 2 | |a McGill University, Montreal. |b Industrial Relations Centre. | |
| 082 | 0 | 0 | |a 331.1/81/38660971696 |
| 650 | 0 | |a Stevedores |z Nova Scotia |z North Sydney. | |
| 650 | 0 | |a Automation |x Economic aspects |x Social aspects | |
| 650 | 0 | |a Automatización |x Aspectos sociales |z Aspectos económicos | |
| 650 | 0 | |a Estibadores |z Nueva Escocia |z Sydney del Norte | |
| 010 | |a 74446481 | ||
| 040 | |a DLC |c DLC |d DLC | ||
| 050 | 0 | 0 | |a HD8039.L82 |b C33 |
| 859 | |a AR-BbSID |b BIB. PLAPIQUI |h 331.181 |i G 293 |p 6390 | ||
